MARC details
| 000 -LEADER |
| fixed length control field |
01678cam a22003618i 4500 |
| 005 - DATE AND TIME OF LATEST TRANSACTION |
| control field |
20200320205801.0 |
| 008 - FIXED-LENGTH DATA ELEMENTS--GENERAL INFORMATION |
| fixed length control field |
170706s2017 nyu 000 0 eng |
| 020 ## - INTERNATIONAL STANDARD BOOK NUMBER |
| International Standard Book Number |
9780451497468 (hardback) |
| 040 ## - CATALOGING SOURCE |
| Original cataloging agency |
DLC |
| Language of cataloging |
eng |
| Description conventions |
rda |
| Transcribing agency |
DLC |
| Modifying agency |
MMLLC |
| 050 00 - LIBRARY OF CONGRESS CALL NUMBER |
| Classification number |
GV481 |
| Item number |
.D75 2017 |
| 082 00 - DEWEY DECIMAL CLASSIFICATION NUMBER |
| Classification number |
613.7 |
| Edition number |
23 |
| 100 1# - MAIN ENTRY--PERSONAL NAME |
| Personal name |
Driver, Donald, |
| Dates associated with a name |
1975- |
| Relator term |
author. |
| 9 (RLIN) |
5956799 |
| 245 14 - TITLE STATEMENT |
| Title |
The 3D body revolution : |
| Remainder of title |
the ultimate workout + nutrition blueprint to get healthy and lean / |
| Statement of responsibility, etc |
Donald Driver. |
| 264 #1 - Production, Publication, Distribution, Manufacture, and Copyright Notice. |
| Place of production, publication, distribution, manufacture |
New York : |
| Name of producer, publisher, distributor, manufacturer |
Harmony, |
| Date of production, publication, distribution, manufacture, or copyr |
2017. |
| 264 #2 - Production, Publication, Distribution, Manufacture, and Copyright Notice. |
| Place of production, publication, distribution, manufacture |
Old Saybrook, Connecticut : |
| Name of producer, publisher, distributor, manufacturer |
www.micromarketing.org |
| 300 ## - PHYSICAL DESCRIPTION |
| Extent |
pages ; cm |
| 336 ## - Content Type |
| Content type term |
text |
| 337 ## - Media type |
| Media type term |
unmediated |
| 338 ## - Carrier type |
| Carrier type term |
volume |
| 500 ## - GENERAL NOTE |
| General note |
[Typographic symbols and accents removed for systems compatibility.] |
| 520 ## - SUMMARY, ETC. |
| Summary, etc |
"Featuring 25 recipes and 36 exercises illustrated with clear step-by-step photos, The 3D Body Revolution shares the secrets of the world's most elite athletes for getting super strong, super lean, super fast"-- |
| -- |
Provided by publisher. |
| 588 ## - |
| -- |
Title and description based on researched data; resource not viewed. |
| 650 #0 - SUBJECT ADDED ENTRY--TOPICAL TERM |
| Topical term or geographic name as entry element |
Physical fitness. |
| 9 (RLIN) |
5956800 |
| 650 #0 - SUBJECT ADDED ENTRY--TOPICAL TERM |
| Topical term or geographic name as entry element |
Exercise. |
| 9 (RLIN) |
5956801 |
| 650 #0 - SUBJECT ADDED ENTRY--TOPICAL TERM |
| Topical term or geographic name as entry element |
Nutrition. |
| 9 (RLIN) |
5956802 |
| 650 #7 - SUBJECT ADDED ENTRY--TOPICAL TERM |
| Topical term or geographic name as entry element |
HEALTH & FITNESS / Exercise. |
| Source of heading or term |
bisacsh |
| 9 (RLIN) |
5776449 |
| 650 #7 - SUBJECT ADDED ENTRY--TOPICAL TERM |
| Topical term or geographic name as entry element |
HEALTH & FITNESS / Diets. |
| Source of heading or term |
bisacsh |
| 9 (RLIN) |
5675971 |
| 650 #7 - SUBJECT ADDED ENTRY--TOPICAL TERM |
| Topical term or geographic name as entry element |
HEALTH & FITNESS / Healthy Living. |
| Source of heading or term |
bisacsh |
| 9 (RLIN) |
5676271 |
| 942 ## - ADDED ENTRY ELEMENTS (KOHA) |
| Koha item type |
BOOK |
| 948 ## - LOCAL PROCESSING INFORMATION (OCLC); SERIES PART DESIGNATOR (RLIN) |
| Series part designator, SPT (RLIN) |
11/14/2017 |
| z (OCLC) |
Sirsi |
| 949 ## - LOCAL PROCESSING INFORMATION (OCLC) |
| n |
www.MicroMarketing.org 800-229-9887 |
| 996 ## - |
| -- |
146428 |
| -- |
34301001516113 |
| -- |
NF |
| -- |
bk |
| -- |
wcl |
| -- |
i |
| -- |
3 |
| -- |
28.00 |
| -- |
micro |
| -- |
613.7 Dri |
| -- |
11/14/2017 |
| -- |
04/16/2019 |
| -- |
04/04/2019 |